Transcontinental Countries Quiz Stats

Quiz Updated Mar 2, 2016

Challenge
Share
Tweet
Embed
Score 0/20 Timer 04:00
1 Play Today
Continents Country % Correct
Asia, EuropeRussia
96.3%
Asia, EuropeTurkey
88.7%
N.America, Oceania, AsiaUnited States
85.7%
Europe, S. America, N. America, AfricaFrance
83.1%
Europe, AfricaSpain
82%
Africa, AsiaEgypt
73.3%
Europe, AfricaPortugal
66%
N. America, S. AmericaPanama
64.1%
Asia, OceaniaIndonesia
63.1%
Europe, AfricaItaly
62.9%
Continents Country % Correct
Asia, OceaniaJapan
58.2%
Europe, N. America, (S. America)Netherlands
53.7%
S. America, OceaniaChile
52.1%
Europe, AsiaGreece
51%
Asia, EuropeGeorgia
45.1%
S.America, N. AmericaColombia
43.8%
Asia, EuropeAzerbaijan
37.7%
S.America, N.AmericaVenezuela
37.3%
Asia, EuropeKazakhstan
33.6%
Asia, AfricaYemen
22.5%

You're not logged in!

Compare scores with friends on all Sporcle quizzes.
Join for Free
OR
Log In

You Might Also Like...

Show Comments

Extras

Top Quizzes Today


Score Distribution

Your Account Isn't Verified!

In order to create a playlist on Sporcle, you need to verify the email address you used during registration. Go to your Sporcle Settings to finish the process.

Report this User

Report this user for behavior that violates our Community Guidelines.

Details: